Traditional American Foods-Sudden Death - Statistics

General Stats
  • This quiz has been taken 22 times
  • The average score is 4 of 29
Answers on the Grid
Answers color-coded by a green-red scale on the quiz's grid according to % correct below.
Abyssal Pie
Acorn Mush
Ambrosia
Beaten Cake
Black Rye Cakes
Butter Pie
Chicken Bog
Cincinnati Veal Sausage
Colcannon
Cream of Dillweed
Creamed Kidneys
Delaware Cream Pie
Fish Muddle
Fried Okra
Grape and Clove Catsup
Grape Dumplings
Hog's Head Cheese
Hoppin' John
Johnnycakes
Lantern Stew
Lapagee
Leather Pie
Lefse/Lefsa
Livermush
Lutefisk
Maine Boiled Pine Dinner
New England Cornmeal Pudding
Ocracoke Stew
Pickled Herring
Pickled Pig's Feet
Pineapple-Mayonnaise Salad
Potato Candy
Potato Lace Cakes
Saerkraut
Sally Dickenson Cake
Salmuntha Greens
Sochan
Sonker Pie
Sourdough Pancakes
Stewed Prunes
Stewed Udder
Sweetbreads and Mushrooms
Tomato Aspic
Vpunvkv
Wild Onion Dinner
 
Answer Stats
Answer % Correct
Fried Okra
56%
Ambrosia
44%
Sourdough Pancakes
44%
Hog's Head Cheese
33%
Johnnycakes
33%
New England Cornmeal Pudding
33%
Pineapple-Mayonnaise Salad
33%
Acorn Mush
22%
Chicken Bog
22%
Colcannon
11%
Fish Muddle
11%
Grape and Clove Catsup
11%
Grape Dumplings
11%
Hoppin' John
11%
Pickled Herring
11%
Pickled Pig's Feet
11%
Saerkraut
11%
Stewed Prunes
11%
Sweetbreads and Mushrooms
11%
Lefse/Lefsa
0%
Livermush
0%
Lutefisk
0%
Potato Candy
0%
Sochan
0%
Sonker Pie
0%
Stewed Udder
0%
Tomato Aspic
0%
Vpunvkv
0%
Wild Onion Dinner
0%
No matching quizzes found
Score Distribution
Percent of People with Each Score
Percentile by Number Answered
Your Score History
You have not taken this quiz